[Event "Romanian-ch Open 2022"]
[Site "Eforie Nord"]
[Date "2022.02.22"]
[Round "3.25"]
[White "Daianu, Cristian-Clement"]
[Black "Chis, Bogdan-Vasile"]
[Result "0-1"]
[WhiteElo "2171"]
[BlackElo "1685"]
[Annotator "TA"]
[PlyCount "106"]
[EventDate "2022.02.20"]
[EventType "swiss"]
[EventCountry "ROU"]
[SourceTitle "playchess.com"]
[Source "ChessBase"]
[SourceQuality "1"]

{[%evp 17,106,31,55,0,0,0,0,-18,20,22,41,-36,-45,-117,-114,-124,-95,-104,-75,-97,-35,-35,-33,-29,-33,-22,-29,-61,-40,-37,0,-10,0,0,0,0,0,-23,-14,-78,-85,-79,-80,-78,-78,-77,-85,-86,-83,-123,-120,-195,-126,-150,-22,-100,-99,-261,-259,-254,-172,-163,-177,-291,-281,-366,-333,-365,-271,-358,-358,-396,-381,-434,-347,-426,-397,-706,-406,-1752,-1729,-1729,-1634,-1514,-1425,-1395,-624,-2313,-2100,-879,-526]} 1. d4 Nf6 2. Nc3 c5 3. d5 d6 4. e4 g6 5. Nf3 Bg7 6. h3 O-O 7. Be2 Na6 8. O-O Nc7 9. a4 Rb8 {[#] 9...a6 is setting a new trend.} 10. a5 $146 {A43: Schmid Benoni.} (10. Re1 $14) ({Predecessor:} 10. Bf4 Nd7 11. Re1 b6 12. Bf1 Bxc3 13. bxc3 f6 14. Nd2 a6 15. c4 b5 16. axb5 axb5 17. cxb5 Nxb5 {1-0 (35) Kraai,J (2429)-Mozharov,M (2558) Chess.com INT 2020}) 10... b5 $11 {[#] Threatens to win with ...b4.} 11. axb6 $1 axb6 12. e5 {The position is equal.} Nfe8 13. Bf4 b5 14. exd6 (14. Re1 $14) 14... exd6 $15 15. Ra2 (15. Ra7 $15) 15... Nf6 $17 16. Bg5 {[%cal Oc3e4]} h6 17. Bxf6 Qxf6 (17... Bxf6 {keeps more tension.} 18. Qd2 Re8 19. Ra7 h5 20. Re1 Bf5) 18. Ra7 Rb7 ({Black should try} 18... Qd8 $17) 19. Rxb7 $15 Bxb7 20. Bxb5 Nxb5 21. Nxb5 Ba6 {This bishop pair is nice.} 22. c4 Bxb5 23. cxb5 Rb8 24. Qd3 Qxb2 25. Rb1 Qc3 26. Qxc3 Bxc3 $11 {[%mdl 4096] Endgame KRB-KRN} 27. Rb3 Bb4 28. Kf1 (28. Nd4 $11 {keeps the balance.}) 28... Rxb5 $17 29. Nd2 Ra5 30. Nc4 {[%csl LRa5,LRd6]} Ra1+ 31. Ke2 Re1+ 32. Kf3 Rd1 33. Ne3 {[#]} Rd2 {Black is more active.} 34. g4 {To avoid f5} (34. Rb1 $17) 34... Kf8 (34... Kg7 $19 35. Rb1 Kf6) 35. Rb1 Ra2 ({Black should play} 35... Ke7 $17 {And now ...Kf6 would win.} 36. Rd1 Ra2) 36. Rd1 (36. Nc4 $11) 36... Ke7 37. Rd3 $2 {Prevents Bc3. Loses the game.} (37. Nc4 $17 {might work better.}) 37... Be1 $19 38. Nd1 {Strongly threatening Re3+.} Kd7 39. Re3 Bd2 40. Re2 (40. Rb3 $142) 40... Ra3+ 41. Ne3 Rd3 42. Ke4 Rd4+ 43. Kf3 Bxe3 44. fxe3 Rxd5 {KR-KR} 45. Ra2 c4 {[%cal Bc5c4,Bc4c3,Bc3c2][%mdl 32] Hoping for ...Kc6.} 46. Ke4 Ke6 47. Ra8 $2 (47. Kf3) 47... Rc5 {White must now prevent ...f5+.} 48. Kd4 (48. Ra2 $142) 48... c3 {( -> ...c2). Black is clearly winning.} 49. Ra1 c2 50. Rc1 Kf6 51. h4 Ke6 (51... g5 $142 52. h5 Ke6) 52. e4 Rc8 53. Kd3 Ke5 {Weighted Error Value: White=0.70/Black=0.38} 0-1

[Event "Romanian-ch Open 2022"]
[Site "Eforie Nord"]
[Date "2022.02.22"]
[Round "3.26"]
[White "Andronescu, Madalin"]
[Black "Sachilaru, Alexandru"]
[Result "*"]
[WhiteElo "2122"]
[BlackElo "2085"]
[Annotator "TA"]
[PlyCount "68"]
[EventDate "2022.02.20"]
[EventType "swiss"]
[EventCountry "ROU"]
[SourceTitle "playchess.com"]
[Source "ChessBase"]
[SourceQuality "1"]

{[%evp 11,68,2,27,0,25,22,35,0,0,-2,13,-22,-37,-20,-16,-10,-17,-16,-20,-44,-30,-106,-104,-114,-74,-76,-68,-58,-67,-129,-136,-218,-37,-37,0,0,20,-60,0,0,12,4,252,221,214,124,122,126,109,108,129,126,162,150,155,143,153,156,197]} 1. e4 e5 2. Nf3 Nc6 3. d4 exd4 4. Nxd4 Bc5 5. Nxc6 Qf6 6. Qf3 dxc6 7. Bc4 {C45: Scotch Game.} Qg6 8. Nc3 {[%cal Bb1c3,Bc3a4,Ba4c5][%mdl 32] [#]} Be6 $146 ({Predecessor:} 8... Nf6 9. h3 Be6 10. Bd3 Nd7 11. Bf4 Bd4 12. Bxc7 Ne5 13. Bxe5 Bxe5 14. O-O Qg5 {0-1 (32) Zhang,Z (2619)-Fressinet,L (2702) Berlin 2015}) 9. Bxe6 {White is slightly better.} Qxe6 10. O-O O-O-O {[%cal Be8c8,Bc8b8,Bb8a8][%mdl 32]} 11. Bf4 Nf6 12. Na4 Bd4 (12... Nxe4 $2 13. Rae1 Qd5 14. Qxe4 $18) 13. c3 Be5 14. Nc5 Qe7 15. Be3 Kb8 16. Qe2 (16. Rfe1 $11 {remains equal.}) 16... Bd6 $1 $17 {[%csl LRc5,LRe4]} 17. b4 Bxc5 18. bxc5 Qxe4 19. Rab1 {Qb2 is the strong threat.} Ka8 20. Rb4 (20. Qb2 $15 Rb8 21. Rfe1) 20... Qd3 21. Qb2 {[#]} (21. Qxd3 $17 {might work better.} Rxd3 22. Bd4) 21... Rb8 $2 (21... Nd5 $1 $19 22. Rxb7 Nxc3) 22. c4 Rhd8 23. h3 Ne4 24. Rc1 {[#] Inhibits Nc3.} (24. Rb3 $11 Qd7 25. Rb1) 24... Ng3 $1 25. Re1 $11 Nf5 26. Bf4 Qd4 $2 (26... Rd7 $1 $11 {and Black is okay.}) 27. Bxc7 Re8 {[#]} 28. Rxe8 (28. Rb1 $1 $18 Qxb2 29. R1xb2 (29. R4xb2 Rbc8 $18)) 28... Rxe8 $16 29. Rxb7 {White wants to mate with Rb8+. The board is on fire.} Qxb2 30. Rxb2 $18 {KRB-KRN} Rc8 31. Bf4 {White is more active.} f6 32. g4 {White is clearly better.} Nd4 33. Kg2 Ne6 34. Bd6 Rd8 {What a bad dream for Black.  Weighted Error Value: White=0.25 (precise) /Black=0.37} (34... Re8 $16 {keeps fighting.} 35. a4 a5) *

[Event "Romanian-ch Open 2022"]
[Site "Eforie Nord"]
[Date "2022.02.22"]
[Round "3.27"]
[White "Vilcu, Matei-Stefan"]
[Black "Negrean, Andrei"]
[Result "1/2-1/2"]
[WhiteElo "2112"]
[BlackElo "1941"]
[Annotator "TA"]
[PlyCount "89"]
[EventDate "2022.02.20"]
[EventType "swiss"]
[EventCountry "ROU"]
[SourceTitle "playchess.com"]
[Source "ChessBase"]
[SourceQuality "1"]

{[%evp 14,89,21,23,18,11,8,12,22,16,16,4,51,0,4,3,10,6,0,9,26,28,35,39,60,30,29,15,13,14,166,103,135,142,144,135,168,125,123,91,180,178,166,137,140,118,113,0,0,0,0,0,0,0,0,0,0,0,0,0,0,0,0,0,0,0,0,0,0,0,0,0,0,0,0,0,0,0]} 1. e4 e6 2. d4 d5 3. Nc3 Nf6 4. Bg5 Be7 5. e5 Nfd7 6. h4 h6 7. Bxe7 Qxe7 8. f4 a6 {C14: French: Classical System: 4 Bg5 Be7 main line.} 9. Nf3 c5 10. Qd2 Nc6 11. g4 b5 12. Ne2 Bb7 {[#]} (12... b4 $11 {was preferrable.}) 13. f5 $146 (13. O-O-O $14) ({Predecessor:} 13. a3 Rc8 14. Rh3 Nb6 15. b3 Nd7 16. h5 cxd4 17. Nfxd4 f6 18. f5 Nxd4 19. Nxd4 fxe5 20. Nxe6 {½-½ (46) Perez Ponsa,F (2561)-Acosta,P (2473) Villa Martelli 2021}) 13... cxd4 14. Nexd4 Ncxe5 15. Nxe5 Nxe5 16. O-O-O $1 O-O-O 17. fxe6 fxe6 18. Qe2 ({Reject} 18. Re1 Nc4 19. Rxe6 Qxe6 $1 20. Nxe6 Nxd2 21. Nxd8 Nxf1 22. Nxb7 Ng3 23. Nd6+ Kd7 $15) 18... Qf6 19. Bg2 (19. Bh3 $5 {[%cal Rh1f1]} Nc4 20. Qxe6+ Kb8 21. Qxf6 gxf6 22. b3 $14) 19... Nc4 20. Qxe6+ Qxe6 21. Nxe6 Rde8 (21... Ne3 $1 $11 {and Black stays safe.}) 22. Rhe1 ({Better is} 22. Nxg7 $18 Re2 23. Bf3 (23. Bxd5 Bxd5 24. Rxd5 Ne3 $16)) 22... g6 23. b3 Nb6 {[#]} 24. Nc5 $1 {White is much more active. Black has bad knights.} Rhf8 {[#]} 25. Rxe8+ ({White should try} 25. g5 $1 $18 {[%cal Rg5h6]} hxg5 26. hxg5) 25... Rxe8 $16 26. Kd2 b4 (26... Nd7 $16) 27. Rf1 $18 {Strongly threatening Rf7.} Nd7 28. Nxb7 Kxb7 29. Bxd5+ {[%mdl 4096] Endgame KRB-KRN} Kb6 30. Re1 (30. Bc4 $16) 30... Rxe1 $11 {The position is equal.} 31. Kxe1 {KB-KN} Kc5 32. Be6 Ne5 33. Ke2 {aiming for Ke3.} Kd4 34. Bc8 a5 35. Be6 g5 36. hxg5 hxg5 37. Bf5 Nc6 38. Kd2 Ne7 39. Be6 Nc6 40. Bf5 Ne5 41. Bc8 Nf3+ 42. Ke2 Ne5 43. Kd2 Nf3+ 44. Ke2 Ne5 45. Kd2 {White really could win this.  Weighted Error Value: White=0.12 (very precise) /Black=0.15 (very precise)} 1/2-1/2

[Event "Romanian-ch Open 2022"]
[Site "Eforie Nord"]
[Date "2022.02.22"]
[Round "3.28"]
[White "Serban, Cristian-Stefan"]
[Black "Tudor, Henry Edward"]
[Result "1-0"]
[WhiteElo "2090"]
[BlackElo "1879"]
[Annotator "TA"]
[PlyCount "107"]
[EventDate "2022.02.20"]
[EventType "swiss"]
[EventCountry "ROU"]
[SourceTitle "playchess.com"]
[Source "ChessBase"]
[SourceQuality "1"]

{[%evp 11,107,46,60,56,62,53,41,45,50,40,37,40,95,93,100,99,252,229,494,504,481,502,508,339,332,316,314,247,243,251,244,227,247,254,250,247,302,302,272,257,333,301,381,357,382,387,381,387,382,375,388,387,380,383,375,371,361,334,331,328,337,339,324,230,212,209,437,402,409,400,467,393,504,504,504,504,490,485,503,487,29977,29978,29978,29979,29980,29978,29978,29979,29979,29980,29980,29981,29982,29983,29983,29984,29983,29984]} 1. d4 Nf6 2. c4 e6 3. Nc3 Bb4 4. e3 Ne4 5. Qc2 f5 6. Bd3 O-O 7. Nge2 {E40: Nimzo-Indian: Rubinstein (4 e3): Unusual Black 4th moves.} b6 8. Bxe4 fxe4 9. Qxe4 {White is slightly better.} d5 10. cxd5 exd5 11. Qc2 Qh4 (11... Bxc3+ $14 12. Nxc3 (12. bxc3 Nc6 $14) 12... Ba6) 12. O-O $1 $16 {aiming for Qb3.} Bd6 {[%csl Gd6][%cal Rh4h2]} 13. Ng3 {[#]} Rf6 $146 {This costs Black the game.} (13... Bb7 $16) ({Predecessor:} 13... Rf5 14. f4 Rf6 15. Rf2 Ba6 16. Nf5 Qh5 17. Nxd6 cxd6 18. Bd2 Nc6 19. Qa4 Bb7 {½-½ (40) Zhang,T (2115)-Hilverda,A (2160) Dieren 2005}) 14. e4 {[%cal Be3e4,Be4e5][%mdl 32]} g5 $2 (14... Rf7 15. e5 (15. Nxd5 Bb7 $18) 15... Bf8 16. Nxd5 c5 17. dxc5 Be6) 15. e5 $18 Rh6 {[%csl Gh6][%cal Rh4h2]} 16. h3 Bxh3 {[#]} 17. Bxg5 $1 {[%mdl 512]} Qxg5 18. gxh3 (18. exd6 Bg4 $16) 18... Nc6 19. Nce2 Be7 20. f4 Qg7 {[%cal Oc6d4]} 21. Kh2 Qg4 22. Qf5 (22. Ng1 $6 Nxd4 23. Qd1 Qxd1 24. Raxd1 c5) 22... Qh4 (22... Rxh3+ $2 23. Kg2 Rxg3+ 24. Nxg3 $18) 23. Kg2 Rg6 {[%cal Oc6d4]} 24. Rf3 Kh8 25. Qd3 {Threatens to win with f5.} Rag8 26. f5 {[%cal Bf4f5,Bf5f6][%mdl 32]} Rg5 (26... Rh6 $2 27. f6 $18) 27. Rc1 Nb4 28. Qe3 {And now f6 would win.} c5 29. f6 cxd4 30. Qf4 {Really sharp!} ({Weaker is} 30. Nxd4 Bc5 31. Rxc5 bxc5 $18) 30... Qxf4 31. Nxf4 Rxe5 32. fxe7 Rxe7 33. a3 Na6 34. Kf2 ({But not} 34. Nxd5 Re2+ 35. Kh1 Re5 $18) 34... Nc5 35. Nxd5 Reg7 36. Nf6 Rf8 37. b4 Rxf6 38. bxc5 ({Don't play} 38. Rxf6 $6 Nd3+ 39. Kf3 Nxc1 $16) 38... Rxf3+ (38... Rgf7 {is a better defense.} 39. Rxf6 Rxf6+ 40. Ke2 bxc5 41. Rxc5 Ra6) 39. Kxf3 bxc5 40. Rxc5 {[%mdl 4096] Endgame KRN-KR} Rd7 41. Ke2 Rb7 42. Nf5 {[%cal Rc5c8]} Rb2+ 43. Kd3 {[%cal Rc5c8]} Kg8 44. Kxd4 Rb3 45. Rc3 Rxc3 (45... Rb1 $18 46. Rc7 a5 47. Rg7+ Kh8) 46. Kxc3 {KN-KPP. White mates.} Kf7 47. Nd6+ Kg6 48. Nb5 a5 49. Nd4 Kg5 50. Kb3 Kh4 51. Ne6 h6 52. Ka4 Kxh3 53. Kxa5 Kg4 {[#]} 54. Ng7 $1 {Weighted Error Value: White=0.13 (very precise) /Black=0.45} 1-0

[Event "Romanian-ch Open 2022"]
[Site "Eforie Nord"]
[Date "2022.02.22"]
[Round "3.29"]
[White "Butolo, Alexandru-Mircea"]
[Black "Dragomirescu, Calin"]
[Result "1/2-1/2"]
[WhiteElo "1850"]
[BlackElo "2092"]
[Annotator "TA"]
[PlyCount "103"]
[EventDate "2022.02.20"]
[EventType "swiss"]
[EventCountry "ROU"]
[SourceTitle "playchess.com"]
[Source "ChessBase"]
[SourceQuality "1"]

{[%evp 9,103,13,45,56,63,69,70,41,93,83,68,32,30,24,41,31,27,0,45,36,45,34,41,46,57,-46,-54,-45,-19,-29,-38,-35,-39,-60,-42,-43,-37,-40,0,-16,-18,-27,-23,-103,-108,-123,-133,-114,-75,-111,-77,-73,-77,-83,-43,-112,-70,-80,-58,-68,-54,-75,-64,-124,-110,-120,-119,-422,-437,-408,-382,-360,-250,-348,-262,-493,-166,-193,0,0,0,0,0,0,0,0,0,0,0,0,0,0,0,0,0,0]} 1. e4 {ChessBase II} Nf6 2. e5 Nd5 3. d4 d6 4. Nf3 dxe5 5. dxe5 e6 6. Be2 {B04: Alekhine's Defence: 4 Nf3.} Be7 7. O-O O-O {[#]} 8. a3 $146 {White is slightly better.} ({Predecessor:} 8. c4 Nb4 9. a3 Qxd1 10. Rxd1 N4c6 11. b4 f6 12. Bb2 Nd7 13. exf6 Bxf6 14. Rd2 {1-0 (24) Barthel,A (2245)-Baskewitsch,P (1939) Luxembourg 2012 EXT 2017 [ChessBase II]}) 8... c5 (8... Nb6 $14) 9. c4 $16 Nb6 10. Be3 (10. Bd3 {is interesting.} Bd7 11. Qe2 Bc6 12. Rd1 N6d7 13. Nc3) 10... Qxd1 11. Rxd1 Bd7 12. b3 Bc6 13. Nbd2 Na6 (13... N6d7 $11 {is superior.}) 14. Ne1 $14 Rad8 15. f3 h6 16. Nd3 Rd7 17. Ne4 ({White should try} 17. Nb1 $14) 17... Bxe4 $15 18. fxe4 Bg5 19. Bf2 Rc7 20. h4 Be7 21. Rac1 Rd8 22. b4 cxb4 23. c5 {[#]} Nxc5 {[%cal Ob4a3]} 24. Nxc5 (24. axb4 Na6) 24... Rxd1+ 25. Bxd1 bxa3 26. Bb3 (26. Nb3 $11 Rxc1 27. Nxc1) 26... Nd7 $17 27. Nd3 {[%csl LRa7,LRc7]} Rxc1+ 28. Nxc1 a5 ({Reject} 28... Nxe5 $6 29. Bxa7 Ng4 30. Bf2 $11) 29. Ba4 Nxe5 30. Bb5 Ng4 31. Bb6 Bxh4 {White must now prevent ...Bg5.} 32. Bxa5 (32. Bc5 $1 $15) 32... Bf2+ ({Black should play} 32... Be7 $17 33. Kf1 Kh7) 33. Kf1 $15 Bd4 {Hoping for ...Ne3+.} 34. Ke2 Bb2 35. Na2 g5 36. Bc4 ({Better is} 36. Bb4 $15) 36... Kg7 37. Bc3+ Kg6 38. Bxb2 $2 {[%mdl 8192]} (38. Be1 $17 {is more resistant.}) 38... axb2 $19 39. Nc3 Ne5 40. Ba2 h5 {Strongly threatening ...h4.} 41. Ke3 g4 42. Nd1 $2 {[#]} (42. Kf4 Nd3+ 43. Ke3) 42... Kg5 $2 (42... Nc4+ $1 {[%mdl 512]} 43. Kf4 (43. Kd3 b5) 43... e5+ 44. Kg3 b5) 43. Nxb2 h4 $2 (43... b5 $19 {Threatens to win with ...h4.} 44. Bb1 h4) 44. Nc4 $11 {The position is equal.} Nxc4+ 45. Bxc4 {[%mdl 4096] Endgame KB-KP} h3 46. gxh3 gxh3 {( -> ...h2)} 47. Kf3 h2 48. Kg2 Kf4 49. Bd3 Ke3 50. Bb1 b5 51. Kxh2 Kf4 52. Kg2 {White happily takes the draw.  Weighted Error Value: White=0.37/Black=0.29 (precise)} 1/2-1/2

[Event "Romanian-ch Open 2022"]
[Site "Eforie Nord"]
[Date "2022.02.22"]
[Round "3.30"]
[White "Ciobanu, Bogdan"]
[Black "Popescu, Daniel-Vasilica"]
[Result "0-1"]
[WhiteElo "1933"]
[BlackElo "2064"]
[Annotator "TA"]
[PlyCount "70"]
[EventDate "2022.02.20"]
[EventType "swiss"]
[EventCountry "ROU"]
[SourceTitle "playchess.com"]
[Source "ChessBase"]
[SourceQuality "1"]

{[%evp 9,69,41,114,116,111,125,156,136,168,72,87,81,134,90,99,30,49,35,102,-81,-92,-94,-32,-38,-41,-24,-29,-29,-26,-39,-29,-26,42,0,-13,0,0,-212,-213,-206,-224,-337,-349,-331,-323,-301,-295,-562,-564,-442,-76,-89,-72,-77,0,-525,-506,-477,-514,-400,-9,-29999]} 1. d4 Nf6 2. c4 c5 3. d5 b5 4. cxb5 e6 5. Nc3 a6 (5... exd5 $1 $14 6. Nxd5 Bb7 7. Nxf6+ Qxf6) 6. e4 $16 {A57: Benko/Volga Gambit.} axb5 7. Bxb5 Qa5 {[#]} 8. Qd3 $146 {White is clearly better.} ({Predecessor:} 8. Nge2 Nxe4 9. O-O Nxc3 10. Nxc3 Be7 11. a4 O-O 12. Qg4 Qb4 13. Qg3 d6 14. Re1 {1-0 (71) Aliakbarov,A (2282)-Gavilan Diaz,M (2334) Chess.com INT 2018}) 8... Na6 9. Kf1 (9. Nf3 $1 $18 {has better winning chances.}) 9... Nb4 10. Qe2 Bb7 (10... Ba6 $142) 11. Bg5 ({White should play} 11. Nf3) 11... Be7 {[%cal Re6d5]} 12. Nf3 (12. a3 $1 $16) 12... exd5 $11 13. exd5 O-O (13... Nbxd5 $14 14. Bxf6 gxf6) 14. Bc4 $2 (14. Qxe7 $16 {is forced if you want to stay better.} Nbxd5 15. Qe2 (15. Qxc5 Rfc8 $11)) 14... Rfe8 $17 {[%cal Rb4d5]} 15. Qd2 d6 (15... Ba6 $17 16. Bxa6 Qxa6+ 17. Kg1 c4) 16. h4 $15 Ba6 17. Bxa6 Qxa6+ 18. Kg1 Qc4 {[%cal Rb4a2]} 19. b3 Qg4 20. Re1 {[%cal Oa2a3]} h6 {[#]} (20... Qf5 $1 $11) 21. Bxf6 ({White should try} 21. a3 $1 $14 hxg5 22. hxg5) 21... Bxf6 $11 22. Rxe8+ Rxe8 23. Rh3 $2 (23. Nb5 $11 {and White is okay.}) 23... Bxc3 $19 24. Qxc3 {And now Rg3 would win.} Nxd5 25. Qd2 {[#]} (25. Qc2 $142) 25... Nf4 $1 {[%csl Gf4][%cal Rg4g2]} 26. Rg3 Qf5 27. Kh2 Ne2 28. Rh3 $2 (28. Qxd6 Nxg3 29. Kxg3) 28... d5 29. Ng1 Nxg1 (29... Qxf2 $19 {[%csl Ge2][%cal Rf2g1]} 30. Nf3 c4 31. bxc4 dxc4) 30. Kxg1 {[%mdl 4096] Endgame KQR-KQR} Qb1+ 31. Kh2 Re1 {Black is much more active.} ({Better is} 31... d4 $17 32. b4 Qxb4 33. Qxb4 cxb4) 32. Re3 $2 {[%mdl 8192]} (32. Qxd5 $11 Rh1+ 33. Kg3 Qg6+ 34. Kf4 Qf6+ 35. Qf5 Qd4+ 36. Kg3) 32... Rh1+ 33. Kg3 Qg6+ 34. Kf3 Rxh4 $2 (34... Qc6 $19 35. Kg3 d4) 35. Qxd5 {[%mdl 8192]} (35. Re8+ $11 Kh7 36. Qxd5) 35... Qg4# {Weighted Error Value: White=1.00/Black=0.67} 0-1

[Event "Romanian-ch Open 2022"]
[Site "Eforie Nord"]
[Date "2022.02.22"]
[Round "4.1"]
[White "Toma, Radu-Cristian"]
[Black "Nanu, Costica-Ciprian"]
[Result "0-1"]
[WhiteElo "2388"]
[BlackElo "2513"]
[Annotator "TA"]
[PlyCount "52"]
[EventDate "2022.02.20"]
[EventType "swiss"]
[EventCountry "ROU"]
[SourceTitle "playchess.com"]
[Source "ChessBase"]
[SourceQuality "1"]

{[%evp 16,52,30,30,40,28,41,22,33,-28,-32,-106,-108,-152,-126,-187,-185,-232,-224,-215,-226,-533,-540,-625,-280,-736,-736,-702,-655,-683,-610,-608,-567,-614,-443,-936,-760,-791,-768]} 1. d4 Nf6 2. c4 g6 3. Nf3 Bg7 4. g3 O-O 5. Bg2 d6 6. Nc3 Nc6 7. O-O e5 8. d5 Nb8 {[%cal Bc6b8,Bb8a6,Ba6b4][%mdl 32] Nowadays more popular than 8...Ne7.} 9. e4 a5 {[%cal Ba7a5,Ba5b4][%mdl 32] E62: King's Indian: Fianchetto: 6...c6 and Panno Variation (6...Nc6) without ...a6.} 10. Ne1 Na6 11. Nd3 Nb4 {The position is equal.} 12. f4 (12. Bg5 $14) 12... exf4 $11 13. gxf4 {[#]} (13. Bxf4 $15 Nxd3 14. Qxd3) 13... Ng4 $146 {[%cal Bf6g4,Bg4e3,Be3c2,Bc2a1,Ba1c2,Bc2d4][%mdl 32]} ({Predecessor:} 13... Nh5 14. Ne1 f5 15. a3 Na6 16. Nd3 Bxc3 17. bxc3 fxe4 18. Bxe4 Bf5 {½-½ (33) Fominyh,A (2551)-Sapunov,E (2498) Samara 2000}) 14. Nxb4 (14. Ne1 $142) 14... axb4 15. Ne2 (15. Nb5 $17) 15... c6 $19 {...Qb6+ is the strong threat.} ({Inferior is} 15... Qh4 16. h3 Nf6 17. Qd3 $17) 16. Qe1 ({Don't blunder} 16. h3 $2 Qb6+ 17. Kh1 Nf2+ 18. Rxf2 Qxf2 $19) (16. c5 $142) 16... Qb6+ ({And not} 16... Qa5 17. Kh1 $17) 17. Kh1 {[#]} Ne3 {To avoid f5} 18. Rf3 $2 (18. Bxe3 {is tougher.} Qxe3 19. Rf3 Qxe4 20. Ra3 Qxg2+ 21. Kxg2 bxa3 22. b3) 18... Nc2 19. Qh4 Qd8 (19... Nxa1 $142 20. f5 Rxa2) 20. Qg3 $2 (20. Qxd8 Rxd8 21. Rb1) 20... Nxa1 {Black is clearly winning.} 21. f5 Nc2 22. Bg5 f6 23. Bc1 Qe8 24. Nf4 g5 25. Ne2 (25. Ne6 $142 Bxe6 26. fxe6) 25... Qe5 26. Qg4 Nd4 {White got outplayed after the opening.  Weighted Error Value: White=1.04/Black=0.54} 0-1

[Event "Romanian-ch Open 2022"]
[Site "Eforie Nord"]
[Date "2022.02.22"]
[Round "4.2"]
[White "Lupulescu, Constantin"]
[Black "Georgescu, Tiberiu-Marian"]
[Result "1/2-1/2"]
[WhiteElo "2620"]
[BlackElo "2467"]
[Annotator "TA"]
[PlyCount "59"]
[EventDate "2022.02.20"]
[EventType "swiss"]
[EventCountry "ROU"]
[SourceTitle "playchess.com"]
[Source "ChessBase"]
[SourceQuality "1"]

{[%evp 14,59,16,9,12,2,9,0,0,0,10,3,17,26,21,20,29,-15,-13,-18,0,-7,33,0,24,31,27,15,14,5,8,-40,-45,-48,-40,-44,-44,-31,-50,-50,-40,-101,-106,-110,-102,-111,-120,-186]} 1. e4 e5 2. Nf3 Nc6 3. Bc4 Bc5 4. O-O Nf6 5. d3 O-O 6. h3 d6 7. c3 h6 8. Re1 a5 {8...Bb6 is a critical line. C54: Giuoco Piano: 4 c3 Nf6, main lines with 5 d4 and 5 d3.} 9. a3 {[#]} Ba7 $146 ({Predecessor:} 9... Bb6 10. a4 Ne7 11. Nbd2 Ng6 12. d4 c6 13. Bf1 Re8 14. Qc2 Be6 15. b3 exd4 16. cxd4 {1-0 (62) Langheld,W (1942)-Stancl,V (1968) LSS email 2018}) 10. Nbd2 Be6 {The position is equal.} 11. Bb5 Ne7 12. d4 c6 13. Bd3 Ng6 14. Nf1 Nh5 15. N1h2 (15. Bc2 {might be stronger.}) 15... Nhf4 $11 16. Bf1 Qb6 17. b4 exd4 18. cxd4 (18. Nxd4 $5 {[%cal Rd1f3]} Qd8 19. Be3 $11) 18... axb4 19. axb4 d5 (19... Qxb4 $2 20. Ba3 Qb3 21. Qxb3 (21. Bxd6 Qxd1 22. Rexd1 Rfd8 $14) 21... Bxb3 22. Bxd6 $18) 20. e5 Bf5 (20... Qxb4 $2 21. Ba3 Qb6 22. Bc5 $18) 21. Be3 Qxb4 22. Ra4 (22. h4 $1 $11) 22... Qe7 $1 $15 23. Qd2 Ne6 24. Rea1 b5 25. Ra6 Rfc8 {[%cal Bf8c8,Bc8c7,Bc7b7][%mdl 32]} 26. Qa5 {[%cal Ra6a7]} Rc7 27. Bd2 {Inhibits b4.} ({Better is} 27. Qa2 $15) 27... Qd7 {Black is better.} 28. Bb4 Kh7 29. Bd6 Rb7 {[%cal Oa7b6]} 30. Qa3 {Weighted Error Value: White=0.11 (very precise) /Black=0.06 (flawless)} (30. Qb4 $17) 1/2-1/2

[Event "Romanian-ch Open 2022"]
[Site "Eforie Nord"]
[Date "2022.02.22"]
[Round "4.3"]
[White "Ghimpu, Samuel-Timotei"]
[Black "Parligras, Mircea-Emilian"]
[Result "0-1"]
[WhiteElo "2420"]
[BlackElo "2575"]
[Annotator "TA"]
[PlyCount "78"]
[EventDate "2022.02.20"]
[EventType "swiss"]
[EventCountry "ROU"]
[SourceTitle "playchess.com"]
[Source "ChessBase"]
[SourceQuality "1"]

{[%evp 11,78,22,18,14,29,0,20,14,17,13,13,27,6,0,0,0,0,-6,-7,-23,0,0,19,17,19,33,14,26,39,29,31,3,38,33,60,37,52,45,107,110,76,0,0,0,0,0,12,0,0,0,52,57,212,203,198,218,179,49,50,0,33,0,0,0,0,0,0,0,0]} 1. d4 d5 2. Nf3 Nf6 3. c4 e6 4. Nc3 Bb4 5. Qa4+ Nc6 6. e3 O-O 7. Qc2 {D38: Queen's Gambit Declined: Ragozin Defence (4 Nf3 Bb4).} dxc4 8. Bxc4 Bd6 9. O-O e5 10. h3 Bd7 11. a3 Qc8 {[%cal Od7h3] [#]} 12. dxe5 $146 ({Predecessor:} 12. d5 Bxh3 13. gxh3 Qxh3 14. Nh2 Nd4 15. exd4 exd4 16. f4 dxc3 17. Qxc3 Bc5+ 18. Kh1 Qxc3 19. bxc3 {1-0 (91) Zavrazhnov,A (2234)-Popov,A (2309) ICCF email 2016}) 12... Nxe5 13. Nxe5 Bxe5 14. Nd5 Nxd5 15. Bxd5 c6 (15... Bf5 $5 {[%cal Rf5c2]} 16. Be4 Bxe4 17. Qxe4 Re8 $11) 16. Be4 f5 17. Bf3 Be6 18. Bd2 Qc7 19. Bc3 a5 20. Rad1 Rfd8 21. g3 Kf7 22. h4 Kf6 23. Kg2 Bxc3 24. Qxc3+ Qe5 {[#]} (24... Kf7 $1 $14) 25. Rd4 $1 $16 {Hoping for Rfd1.} c5 26. Rf4 ({Better is} 26. Rxd8 $16 Qxc3 27. Rxa8 (27. bxc3 Rxd8 28. Rb1 a4 $14) 27... Qxb2 28. Rd1) 26... Qxc3 $11 27. bxc3 Rab8 28. e4 g6 29. exf5 gxf5 30. g4 Rd3 (30... Ke5 $11 31. Kg3 Rg8) 31. Re1 $14 {Strongly threatening g5+.} Re8 $2 {[#]} (31... Rxc3 $2 32. g5+ Kf7 33. Bh5+ Ke7 34. Rxf5 $18) (31... Bd7 $14) 32. Rxf5+ $1 $18 {[%mdl 512]} Bxf5 33. Rxe8 {[%mdl 4096] Endgame KRB-KRB} Bg6 {[#]} 34. Ra8 (34. g5+ $1 $18 Kf7 35. Rb8) 34... Rxc3 $14 35. Rxa5 (35. g5+ $14 Ke5 36. Rxa5) 35... b6 36. Rb5 Rxa3 {The position is equal.} 37. Rxb6+ Ke5 38. h5 Bd3 39. g5 c4 {[%mdl 32768] Weighted Error Value: White=0.16 (very precise) /Black=0.21 (precise) . Loss on time!?} 0-1